Vista normal Vista MARC

Entrada Nombre personal

Número de registros utilizados en: 7

001 - NÚMERO DE CONTROL

  • campo de control: 47009

003 - IDENTIFICADOR DE NÚMERO DE CONTROL

  • campo de control: OSt

005 - FECHA Y HORA DE LA ÚLTIMA TRANSACCIÓN

  • campo de control: 20250905143242.0

008 - ELEMENTOS DE DATO DE LONGITUD-FIJA

  • campo de control de longitud fija: 000920 n acnnnaaan n ann d

040 ## - FUENTE DE CATALOGACIÓN

  • Centro catalogador/agencia de origen: OSt
  • Centro/agencia transcriptor: OSt

100 1# - ENCABEZAMIENTO-NOMBRE DE PERSONA

  • Nombre de persona: Elizalde, Ignacio,
  • Fechas asociadas al nombre: 1913-

400 1# - TRAZADO DE VÉASE--NOMBRE DE PERSONA

  • Nombre de persona: Elizalde Armendáriz, Ignacio (
  • Fechas asociadas al nombre: 1913-)